000
00206 a2200097 4500
001
31364
100
_a
Aslam
245
_a
Shahadat Ka Safar
260
_a
Lahore
_b
Dua publication
_c
090
_c
21255
_d
21255
942
_a
NUST-CAE
_c
M
_c
12509
999
_c
266437
_d
266437